000 00980nam a2200313 i 4500
001 000031392
003 DO-SdBNP
005 20260305073951.0
007 ta
008 110620s1973 dr 000 | spa d
040 _aDO-SdBNP
_bspa
_cBNPHU
_erda
041 _hspa
082 _axxx
_bM938s
_222
100 1 _aMoya Pons, Frank,
_d1944-
_eautor
_92095
245 1 3 _aLa sociedad taina /
_cFrank Moya Pons.
264 _aSantiago, República Dominicana :
_bUniversidad Católica Madre y Maestra,
_c1973.
300 _a22 páginas ;
_c22 cm.
336 _ardacontent
_btexto
_2txt
337 _ardamedia
_bsin mediación
_2n
338 _ardacarrier
_bvolumen
_2nc
490 1 _aCuadernos de historia dominicana
504 _aIncluye referencias bibliográficas.
590 _aInventariado, 2024/DG
650 4 _aTainos
_xHistoria
_945258
650 0 _aIndios de las Antillas
_91049
830 0 _aCuadernos de historia dominicana
_957810
910 _aDG
942 _2ddc
_cLF2
999 _c30884
_d30884